Golden Globe Best Actor - Drama Movie - Statistics

General Stats
  • This quiz has been taken 43 times
  • The average score is 40 of 83
Answer Stats
Year Actor Movie % Correct
1972 Marlon Brando The Godfather
91%
1994 Tom Hanks Forrest Gump
83%
2019 Joaquin Phoenix Joker
83%
2023 Cillian Murphy Oppenheimer
83%
2012 Daniel Day-Lewis Lincoln
80%
2018 Rami Malek Bohemian Rhapsody
77%
2022 Austin Butler Elvis
77%
1975 Jack Nicholson One Flew Over the Cuckoo's Nest
77%
2013 Matthew McConaughey Dallas Buyers Club
74%
2010 Colin Firth The King's Speech
74%
2015 Leonardo DiCaprio The Revenant
74%
1982 Ben Kingsley Gandhi
71%
1998 Jim Carey The Truman Show
71%
2016 Casey Affleck Manchester by the Sea
69%
1993 Tom Hanks Philadelphia
69%
1988 Dustin Hoffman Rain Man
69%
2024 Adrien Brody The Brutalist
69%
2006 Forest Whitaker The Last King of Scotland
69%
2007 Daniel Day-Lewis There Will Be Blood
69%
2021 Will Smith King Richard
66%
2001 Russell Crowe A Beautiful Mind
63%
2005 Philip Seymour Hoffman Capote
63%
1980 Robert De Nrio Raging Bull
63%
1992 Al Pacino Scent of a Woman
63%
2014 Eddie Redmayne The Theory of Everything
63%
2000 Tom Hanks Cast Away
60%
2003 Sean Penn Mystic River
60%
1979 Dustin Hoffman Kramer vs Kramer
57%
2009 Jeff Bridges Crazy Heart
54%
1995 Nicolas Cage Leaving Las Vegas
54%
1976 Peter Finch Network
54%
1971 Gene Hackman The French Connection
54%
2008 Mickey Rourke The Wrestler
54%
1962 Gregory Peck To Kill a Mockingbird
54%
1969 John Wayne True Grit
54%
1987 Michael Douglas Wall Street
54%
1984 F. Murray Abraham Amadeus
51%
1974 Jack Nicholson Chinatown
51%
1981 Henry Fonda On Golden Pond
51%
1973 Al Pacino Serpico
51%
2004 Leonardo DiCaprio The Aviator
51%
2020 Chadwick Boseman Ma Rainey's Black Bottom
49%
1954 Marlon Brando On the Waterfront
49%
1970 George C. Scott Patton
49%
1996 Geoffrey Rush Shine
49%
2017 Gary Oldman Darkest Hour
46%
2002 Jack Nicholson About Schmidt
43%
1978 Jon Voight Coming Home
43%
1948 Laurence Olivier Hamlet
43%
2011 George Clooney The Descendants
43%
1989 Tom Cruise Born on the Fourth of July
40%
1957 Alec Guinness Bridge on the River Kwai
40%
1965 Omar Sharif Doctor Zhivago
40%
1952 Gary Cooper High Noon
40%
1967 Rod Steiger In the Heat of the Night
40%
1955 Ernest Borgnine Marty
40%
1990 Jeremy Irons Reversal of Fortune
40%
1945 Ray Milland The Lost Weekend
37%
1966 Paul Scofield A Man for All Seasons
34%
1961 Maximilian Schell Judgment at Nuremberg
34%
Robert Duvall Tender Mercies
34%
1963 Sidney Poitier Lilies of the Field
31%
1949 Broderick Crawford All the King's Men
29%
1986 Bob Hoskins Mona Lisa
29%
1968 Peter O'Toole The Lion in Winter
29%
1997 Peter Fonda Ulee's Gold
29%
1960 Burt Lancaster Elmer Gantry
26%
1999 Denzel Washington The Hurricane
26%
1991 Nick Nolte The Prince of Tides
26%
1943 Paul Lukas Watch on the Rhine
26%
1958 David Niven Separate Tables
23%
1964 Peter O'Toole Becket
20%
1977 Richard Burton Equus
20%
1983(TIE) Tom Courtenay The Dresser
20%
1950 Jose Ferrer Cyrano de Bergerac
17%
1951 Fredric March Death of a Salesman
17%
1985 Jon Voight Runaway Train
17%
1947 Ronald Colman A Double Life
14%
1946 Gregory Peck The Yearling
14%
1944 Alexander Knox Wilson
14%
1956 Kirk Douglas Lust for Life
11%
1959 Anthony Franciosa Career
9%
1953 Spencer Tracy The Actress
9%
No matching quizzes found
Score Distribution
Percent of People with Each Score
Percentile by Number Answered
Your Score History
You have not taken this quiz